Czy znasz wszystkich osadników i ulepszaczy w Minecraft Dungeons? - Statystyki

Ogólne statystyki
  • Ten quiz został rozwiązany 14 razy
  • Średni wynik to 5 z 11
Statystyki odpowiedzi
Miejsce Osadnik % Poprawnych
(na premierę) OBÓZ Kowal
100%
OBÓZ Kowal
100%
OBÓZ (przy STAROŻYTNYM POLOWANIU) Piglin Kupiec
62%
OBÓZ Tajemniczy Kupiec
46%
WIEŻA Unikatowy Kowal
46%
OBÓZ Wiejski Kupiec
46%
WIEŻA Kowal Mocy
38%
OBÓZ Luksusowy Kupiec
38%
OBÓZ Pakowacz Prezentów
38%
WIEŻA Szlagmetalurg
23%
(na premierę) OBÓZ Kupiec Wędrowny
8%
Nie znaleziono quizów pasujących do podanych kryteriów
Rozkład punktacji
Procent ludzi z każdym wynikiem
Percentyl według liczby udzielonych odpowiedzi
Twoja historia wyników
Nie rozwiązałeś tego quizu